| 000 | 00496nam a2200157Ia 4500 | ||
|---|---|---|---|
| 008 | 170221s9999 xx 000 0 und d | ||
| 100 | _aBritt, Rebecca K. | ||
| 245 | _aEffects of Self-presentation and Social Media Use in Attainment of Beauty Ideals | ||
| 245 | _cRebecca K Britt | ||
| 260 | _bStudies in Media and Communication | ||
| 260 | _c2015 | ||
| 300 | _a3 : 1 | ||
| 650 | _xCommunication | ||
| 650 | _xMedia Arts | ||
| 856 | _uhttp://redfame.com/journal/index.php/smc/issue/view/30 | ||
| 999 |
_c307012 _d307012 |
||